00625nam a2200121Ia 4500008004100000100003200041245013200073245012700205260004700332260000900379650002200388856009300410160809s9999 xx 000 0 und d aAl-Natour Muna Amr, Mayada. aEXAMINING COLLABORATION AND CONSTRAINS ON COLLABORATION BETWEEN SPECIAL AND GENERAL EDUCATION TEACHERS IN MAINSTREAM SCHOOLS IN cMayada Al-Natour Muna Amr The University of Jordan Eman Al-Zboon The Hashemite University Hatem Alkhamra Qatar University. bInternational Journal of Special Education c2015 xSPECIAL EDUCATION uhttp://www.internationaljournalofspecialed.com/issues/IJSE%20ENTIRE%20ISSUE%2030%201.pdf